[Event "Samba Cup 2nd"]
[Site "Skanderborg"]
[Date "2005.10.20"]
[Round "6"]
[White "Hansen, Curt"]
[Black "Jobava, Baadur"]
[Result "1/2-1/2"]
[WhiteElo "2607"]
[BlackElo "2601"]
[Annotator "Marin,M"]
[PlyCount "82"]
[EventDate "2005.10.14"]
[EventType "tourn"]
[EventRounds "9"]
[EventCountry "DEN"]
[EventCategory "16"]
[SourceTitle "CBM 110"]
[Source "ChessBase"]
[SourceDate "2006.01.31"]
[SourceVersion "1"]
[SourceVersionDate "2006.01.31"]
[SourceQuality "1"]

1. d4 Nf6 2. c4 e6 3. Nf3 c5 4. d5 exd5 5. cxd5 d6 6. Nc3 g6 7. e4 a6 8. a4 Bg4
9. Be2 Bg7 $2 {This inocently looking move is in fact a significant mistake.
It is amazing how many strong players (including Benoni specialists) chose
this move order and even more surprising how many of them remain unpunished!} (
{It is necessary to play} 9... Bxf3 {first and only after} 10. Bxf3 {develop
the bishop with} Bg7 {or else the queen's knight.}) 10. O-O $2 ({White can
obtain a large advantage with} 10. Nd2 $1 Bxe2 11. Qxe2 Nbd7 12. Nc4 Nb6 13. e5
$1 {(This is the point: in the classical position, with the kings castled
already, Black would be completely OK)} dxe5 14. Qxe5+ Kf8 15. Nxb6 Qxb6 16. a5
Qd8 17. O-O $16 {1/2-1/2 Mikhalevski,A (2479)-Marin,M (2555)/Tel Aviv 2000/CBM
077 (30) During the game I was rather shocked and I suspected that my memory
had let me down for a moment when chosing the move order. You can imagine my
amazement when I discovered that my memory was in fact OK and that in most of
the important games went 9...Bg7, indeed. However, once my game against
Mikhalevsky was published, I expected players (at least strong ones) to become
aware of the danger, which didn't quite happen as we can see.}) 10... Bxf3 {
But now, this exchange is not necessary at all.} ({Black could have played} 
10... O-O {when after} 11. Bf4 {he can choose already between capturing on f3
followed by Qe7 or the less fashionable but nonetheless interesting} Re8 12.
Nd2 Bxe2 13. Qxe2 Nh5 14. Be3 Nd7) 11. Bxf3 Nbd7 12. Bf4 Qe7 13. Re1 O-O {
This is one of the main tabyias of the classic system of the Benoni. Black has
managed to exchange one of his minor pieces, which leaves him with a
comfortable development. However, White's advantage of space and pair of
bishops should not be underestimated.} 14. Qd2 {This is probably the most
accurate move order.} (14. a5 {is premature because of} Rab8 {/\Ne8-c7, b5, <=>
}) 14... Rfe8 {This move is almost authomatically played here. The fact is
that Black's plan consists of such moves like Rfe8, Rac8, c4, h5, Nh7. At
first glance, it is far from easy to guess the optimal move order. Since Rfe8
is the most natural of them, many players might feel the temptation of
effectuating it and delay the difficult moment of the choice for one or two
more moves.} ({Personally, I am more attracted by a concrete approach to the
position. Specifically, I would preffer} 14... h5 {here. The main threat is ...
Ng4 followed by Ne5, with active play for Black. Therefore, White usually plays
} 15. h3 {and now} c4 {provokes the bishop retreat} 16. Be2 ({A neutral move
such as} 16. a5 {would allow the optimal regroupment with} Ne5 17. Be2 Nfd7 {
followed by Rac8 and eventually Nc5}) {Now that the c4-pawn is attacked,} 16...
Rac8 {is natural and good. This seems to me like a critical position of this
whole line, with more practice needed. So far, only two important games have
been played.} 17. a5 (17. Bf1 Rfe8 {One more element of Black's plan joins the
puzzle.} 18. Bh2 {White intents to play solidly, but this offers Black
possibilities for active counterplay.} Nc5 $1 (18... Nh7 $6 19. Rad1 Nhf8 $6
20. a5 Qf6 21. Na4 $16 {0-1 Gual Pascual,A (2375)-Cramling,P (2480)/Barcelona
1989/EXT 97 (41)}) 19. e5 (19. Bxc4 Nfxe4 $15) 19... dxe5 20. Rxe5 (20. d6 Nb3
$5 $132) (20. Bxc4 Nce4 $11) 20... Nfe4 $1 $13) 17... Rfe8 {Now, the rook
occupies this square with gain of tempo} 18. Bf1 Nh7 19. Ra4 f5 20. Rxc4 Rxc4
21. Bxc4 g5 22. Bh2 f4 $44 {[%csl Yh2][%cal Yd7e5] 0-1 Van der Sterren,P (2520)
-Psakhis,L (2575)/Tallinn 1987/EXT 97 (41)}) 15. a5 Rac8 {Another natural move.
} ({Here, too,} 15... h5 {has been tried, when the almost authomatic answer is}
16. h3 {Once again, Black has a choice.} Rac8 ({Black can again deviate from
the natural course for the sake of a more concrete approach with} 16... Nh7 17.
Ra3 Qf6 18. Na4 g5 19. Bh2 Qg6 $132 {1/2-1/2 Hjartarson,J (2580)-Suba,M (2520)/
Manila 1992/TD (43)}) 17. Rac1 ({Hansen's taste for an early retreat of the
bishop to d1 could be noticed even before our main game:} 17. Bd1 c4 18. Bc2
Ne5 19. Be3 Nfd7 20. Na4 Nd3 21. Bxd3 cxd3 22. Nb6 Nxb6 23. Bxb6 Rc2 24. Qxd3
Rec8 25. Bd4 Bxd4 26. Qxd4 R8c4 27. Qe3 {1/2-1/2 Hansen,C (2615)-Ward,C (2505)/
Copenhagen 1996/CBM 054}) ({White's best continuation seems to be} 17. Na4 {
transposing to 16.Na4 from the next comment.}) 17... Ne5 18. Be2 Qc7 19. Ra1 c4
20. Qc2 Nfd7 21. Ra4 Nd3 $1 $15 {0-1 Kozul,Z (2450)-Cvitan,O (2510)/Graz 1987/
TD (49)}) 16. Bd1 $146 {The transfer of the bishop to c2 is aimed to
neutralise the d7-knight, in case it would reach c5.} ({However, the customary
} 16. Na4 {sems to create Black more concrete problems, mainly because it
prepares the thematic break b4, which would most likely leave Black with no
trumps on the wing where he is supposed to have an advantage.} h5 (16... Ne5 {
has never been tried in practice, but it seems that here too White retains a
stable advantage with} 17. Bxe5 Qxe5 18. Nb6 Rcd8 19. Nc4 Qe7 20. b4 Nd7 21.
Rab1 $14) 17. h3 Nh7 18. Ra3 (18. Rac1 Qf6 (18... Bf6 19. b4 $36 {1-0 Kozul,Z 
(2597)-Cebalo,M (2486)/Celje 2003/CBM 097 ext (29)}) (18... Be5 19. Be3 Qf6 {
/\ ...Be5, Ne5} 20. b4 $1 c4 21. Nc3 $14 {1-0 Kozul,Z (2490)-Damljanovic,B 
(2530)/Yugoslavia 1989/CBM 013/[ChessBase] (37)}) 19. Rc4 g5 20. Bh2 Qg6 $132 {
1/2-1/2 Browne,W (2530)-Foisor,O (2495)/New York 1988/CBM 008 Browne Info (43)}
) 18... Bd4 (18... Qf6 19. Rb3 $16 {><b7, b6, d6}) 19. b4 $14 {1-0 Hort,V 
(2545)-Kindermann,S (2495)/Dortmund 1986/CBM 001 (38)}) 16... Ne5 17. Na4 c4 {
Now, Black seems to have adequate counterplay.} 18. Bc2 {White is best adviced
to take the d3-square under control at once.} ({The intermediate} 18. Nb6 {
would run into} Nd3 $5 19. Nxc8 Rxc8 {when keeping the extra exchange looks
pretty risky for White:} 20. Re2 Nxe4 $1 21. Qe3 (21. Bxd6 Qxd6 22. Rxe4 Bxb2
23. Rb1 Qxd5 $15) 21... Qf6 $1 $44) 18... Nh5 $5 {Rather atypical. Black
forces his opponent to give up his dark squared bishop, but risks to be left
with a misplaced knight on h5.} ({More natural looks} 18... Nfd7) 19. Bxe5 {
The simplest answer.} ({Preserving the bishop with} 19. Be3 Ng4 20. Bb6 {
would allow Black a dangerous king side initiative after} Bh6) ({More
ambitious looks} 19. Bg5 Bf6 20. h4 {but after} Bxg5 21. hxg5 f6 $132 {White
would also have problems defending his king side.} 22. Nb6 Rc7 23. f4 Nd3 24.
Bxd3 cxd3 25. g4 Rc2 $132 26. Qe3 (26. Qxd3 $2 Rg2+ $1 27. Kh1 Nxf4 $19) 26...
Nxf4 $5 27. Qxf4 fxg5 28. Qg3 d2 29. Rf1 Qxe4 $17 {and the white knight, in
other cases the pride of White's position, is too far from his king to offer
the needed protection.}) 19... Bxe5 20. g3 Nf6 ({Black probably refrained from
the exchange operation} 20... Bxb2 21. Nxb2 c3 22. Qd4 cxb2 23. Qxb2 $14 {
fearing that his knight is too far from the optimal c5-square.}) 21. Bd1 ({
But now,} 21. f4 {would be conveniently answered by} Bxb2 22. Nxb2 c3 23. Qd4
cxb2 24. Qxb2 Rc5 25. Bd3 Rec8 {when Black's activity, as well as the weakened
position of the white king, compensate for White's advantage of space in the
centre.}) 21... c3 $1 {Black chooses a surgical solution.} ({He might have
disliked} 21... Nd7 {because of} 22. Bg4 $36 {followed by f4 and, eventually,
e5.}) 22. Nxc3 ({Obviously, White does not want to be left with a passive
knight on a4, even though} 22. bxc3 Qc7 23. Rc1 (23. Re3 Qxa5 24. f4 $2 Bxc3 $1
25. Rxc3 Nxe4 $17) 23... Qxa5 24. f4 {wins material for the moment. In fact,
Black could create the kind of chaos a benoni player is just dreaming for with}
Rc4 25. fxe5 Rxe5 26. Nb2 Qc5+ 27. Kg2 Nxe4 {when the most likely outcome of
the game is an ending with 3 pawns for a bishop with unclear play.}) 22... Bxc3
23. bxc3 Qe5 $1 (23... Nxe4 $2 24. Qd4 $18) 24. Bf3 (24. Rc1 Nxe4 $17 {[%csl
Yc3,Yd5]}) 24... Qxc3 25. Qxc3 Rxc3 26. Bg2 Nd7 {From a staticpoint of view,
White has a clear advantage. He has the better pawn structure, a mobile
majority in the centre and a considerable advantage of space. However, Black's
control of the only open file, as well as the stability on dark squares 
(especially c5) compensate for these factors. Even if White might claim a
minimal advantage, Black could hope to neutralise it with accurate play.} 27.
f4 Kf8 28. Rab1 Nc5 29. Rb6 Rd8 30. e5 dxe5 31. fxe5 Rb3 32. e6 fxe6 33. dxe6
Ke7 34. Rxb3 Nxb3 35. Bxb7 Nc5 36. Bg2 Rd6 37. Rc1 Nxe6 38. Bb7 Nd4 39. Rc7+
Kf6 40. Rxh7 Nb3 41. Bc8 Rc6 1/2-1/2

[Event "EU-chT (Men) 17th"]
[Site "Novi Sad"]
[Date "2009.10.25"]
[Round "4"]
[White "Mikhalevski, Victor"]
[Black "Guseinov, Gadir"]
[Result "1-0"]
[WhiteElo "2625"]
[BlackElo "2667"]
[Annotator "Mikhalevski,V"]
[PlyCount "85"]
[EventDate "2009.10.22"]
[EventType "team-swiss"]
[EventRounds "9"]
[EventCountry "YUG"]
[SourceTitle "CBM 133"]
[Source "ChessBase"]
[SourceDate "2009.11.19"]
[SourceVersion "1"]
[SourceVersionDate "2009.11.19"]
[SourceQuality "1"]
[WhiteTeam "Israel"]
[BlackTeam "Azerbaijan"]
[WhiteTeamCountry "ISR"]
[BlackTeamCountry "AZE"]

1. d4 Nf6 2. c4 g6 3. Nc3 Bg7 4. e4 d6 5. Be2 O-O 6. Nf3 c5 {The first
surprise. Usually Gadir plays 6...Bg4.} 7. d5 e6 {Transposing to the Modern
Benoni.} 8. O-O (8. Nd2 $5) (8. h3 $5) 8... exd5 9. cxd5 Bg4 $1 {The exchange
of the light-squared bishop gives Black a comfortable development. The main
drawback is giving White the advantage of the bishop pair.} 10. h3 (10. Bf4 {
1-0 Chuchelov,V (2518)-Jaulin,M (2142)/France 2000/CBM 076/[Chuchelov] (34)})
10... Bxf3 11. Bxf3 Nbd7 12. Qc2 {A rare line. The idea was not to determine
the position of my dark-squared bishop before Black decides what to do with
his queen.} (12. Bf4 {is more popular.}) 12... a6 13. a4 Qc7 (13... Re8 14. Bf4
Qc7 15. Rfe1 {transposes into the game.}) 14. Bf4 Rfe8 15. Rfe1 {[%csl Re4]
[%cal Gf3e2] The e4-pawn needs additional protection as my light-squared
bishop is ineffective on f3.} (15. a5 $5 {Fixing the queenside deserved
serious attention.} c4 16. Ra4 Ne5 17. Bxe5 Rxe5 18. Nb1 (18. Rfa1 $1 $14 {
[%cal Ga4b4]}) 18... Rae8 19. Na3 $6 Nxe4 (19... Qc5 $5) 20. Rxc4 Qe7 21. Rc7
Qd8 22. Rxb7 Ng5 $1 $11 {1/2-1/2 Portisch,L (2620)-Kasparov,G (2630)/Tilburg
1981/MCD (41)}) 15... c4 {[%cal Gd7c5]} 16. Be2 Rac8 (16... Nc5 $6 {is dubious
in view of} 17. Bxc4 Rac8 18. Rac1 $14) 17. Rad1 $5 {In anticipation of 17...
Nc5 I had prepared a positional pawn sacrifice.} (17. Rac1 $5) 17... Rb8 {
[%cal Gb7b5]} (17... Qc5 $5 18. Bf1 (18. a5 $5) 18... b5 19. axb5 axb5 20. Be3
Qb4 $11 {1-0 Grefe,J (2410)-De Firmian,N/Oakland 1980/EXT 2004 (39)}) (17...
Nc5 18. e5 $5 dxe5 19. d6 Qd7 20. Bg5 $36 {was my idea behind 17.Rad1.}) 18.
Rc1 $5 {I have to be ready to meet 18...b5 with 19.axb5 axb5 20.b4.} Rbc8 $146
{Surprisingly only this move turns out to be new.} ({Earlier Black had played} 
18... b5 19. axb5 axb5 20. b4 $1 {The point of 18.Rc1.} cxb3 (20... Rb7 21. Ra1
$14 {1-0 Brond,V-Reinhardt,E/Mar del Plata 1974/EXT 2001 (43)}) 21. Qxb3 Nc5
22. Qb1 $14 {1-0 Brond,V (2315)-Planinec,A (2510)/Mar del Plata 1971/MCD (34)})
19. Qb1 {[%cal Gb2b4]} Qb8 20. Bf1 {Inviting Black to play 20...b5.} ({As
usual the question was either to play} 20. a5 $5 {[%csl Ra6,Rb7] or not.} Qc7
$140 21. b4 $14) 20... b5 21. axb5 axb5 22. b4 cxb3 23. Qxb3 $14 {After an
exchange of the b and e-pawns White will retain only a slight edge.} b4 24. Nb5
Rxc1 25. Rxc1 Nxe4 26. Qxb4 {[%csl Rd6]} Qb6 $1 {[%csl Rf2] Black distracts my
pieces from the attack on d6.} 27. Be3 (27. Rc2 $5) 27... Nec5 28. Qa3 $1 {
Taking the a-file.} Bf8 {A little bit passive, but not so bad. Black will be
able to retreat to g7 at any moment.} (28... Be5 $5) 29. Bd4 (29. Ra1 $5) 29...
Qb7 $6 $138 {I was sure that Black wasn't creating a threat as Qxd5 will be
answered with Nc7, but missed the Qb3 idea.} ({Black could come back to g7
offering an exchange of the dark-squared bishops.} 29... Bg7 $5) 30. Ba1 $6 {
An inaccuracy.} (30. Qf3 $5 $14) (30. Qg3 $5 $14) 30... Be7 $2 {A serious
mistake. Black allows a very unpleasant pin along the e-file.} ({Black could
simply capture the d5-pawn.} 30... Qxd5 $1 31. Qc3 (31. Nc7 {is answered by}
Qb3 $1 32. Qxb3 Nxb3 33. Nxe8 Nxc1 34. Bb5 Nb3 35. Bc3 Nbc5 $11) 31... Qe5 $1
32. Qd2 Nb3 $1 33. Bxe5 Nxd2 34. Bxd6 Bxd6 35. Nxd6 Re6 $11) (30... Re4 $5) 31.
Re1 $6 ({The correct} 31. Qe3 $1 $16 {[%cal Gc1e1] with a big advantage was my
initial idea, but then I thought that I could start with 31.Re1 missing the
fact that Black would simply unpin the bishop.}) 31... Ra8 $1 32. Qg3 (32. Qf3
$5 Bf8 33. Bd4 $14) 32... Bf8 $2 (32... Ne4 {was a better alternative.} 33. Qe3
(33. Rxe4 $2 Rxa1) 33... Ndc5 (33... f5 $5) 34. Bd4 Bg5 35. Qf3 Nd2 36. Qe2 $14
) 33. Qc3 ({In time trouble I wasn't sure whether an extra queen would be
enough for a win.} 33. Nxd6 $1 Qxd5 34. Bc4 Rxa1 $1 (34... Qxd6 $2 35. Qf3 $1
$18 {[%csl Ra8,Rf7] Greenfeld}) 35. Bxd5 Rxe1+ 36. Kh2 Ne6 $16) 33... f6 34.
Qc2 (34. Rb1 $5 $14) 34... Qb6 35. Nd4 (35. Bd4 $5) 35... Qa5 36. Qe2 Qa2 37.
Qxa2 Rxa2 38. Ne6 Be7 $6 {An unsuccessful attempt to improve the position of
his pieces.} (38... Nb3 $5 39. Bc3 Rc2 40. Bb4 Ndc5 $14) (38... Kf7 $5 39. Bd4
Rd2 $14) 39. Bd4 $1 {Setting a trap.} Kf7 $4 {Black protects the e7-bishop,
but blunders into a hidden tactical trick.} ({After} 39... Ra7 $14 {Black's
position is still defendable.}) 40. Nxc5 dxc5 41. d6 $1 $18 {[%csl Ra2,Re7,Rf7]
[%cal Gf1c4] Black loses on the spot.} (41. Bc4 $1 {was also good enough for a
win.} Ra4 (41... Bd6 42. Bxc5 $1 Nxc5 43. Bxa2 $18) 42. d6+ Rxc4 (42... Ke8 43.
Rxe7+ Kd8 44. Bf7 $18) 43. Rxe7+ Kf8 44. Be3 $18 {[%cal Ge3h6]}) 41... Bxd6 42.
Bc4+ Kf8 $2 {Black played this move very fast, hoping for some chances after
43.Bxa2, but it turns out that White has an even better option.} (42... Kg7 43.
Bxf6+ Nxf6 44. Bxa2 $18 {is also lost.}) 43. Be3 $1 {[%csl Rf8][%cal Ge3h6]
Now Black loses a full rook and so he resigned.} 1-0

[Event "Olympiad-23"]
[Site "Buenos Aires"]
[Date "1978.11.06"]
[Round "11"]
[White "Bronstein, Luis Marcos"]
[Black "Tringov, Georgi Petrov"]
[Result "0-1"]
[WhiteElo "2400"]
[BlackElo "2480"]
[Annotator "Minev,N"]
[PlyCount "66"]
[EventDate "1978.10.25"]
[EventType "team-swiss"]
[EventRounds "14"]
[EventCountry "ARG"]
[SourceTitle "EXT 2000"]
[Source "ChessBase"]
[SourceDate "1999.11.16"]
[SourceVersion "1"]
[SourceVersionDate "1999.11.16"]
[SourceQuality "1"]
[WhiteTeam "Argentina"]
[BlackTeam "Bulgaria"]
[WhiteTeamCountry "ARG"]
[BlackTeamCountry "BUL"]

{Inf.26/125} 1. d4 Nf6 2. c4 c5 3. d5 e6 4. Nc3 exd5 5. cxd5 d6 6. Nf3 g6 7.
Bf4 a6 (7... Bg7 8. Qa4+) 8. a4 Bg7 9. e4 O-O 10. Be2 Bg4 11. Nd2 (11. O-O Re8
12. Nd2 $14) 11... Bxe2 12. Qxe2 Nh5 13. Be3 Nd7 14. g4 $6 (14. O-O) (14. Nc4
$14) 14... Nhf6 15. O-O Re8 16. a5 Qc7 17. f3 (17. f4 $5 {/\ Qf3}) 17... b5 18.
axb6 Nxb6 19. Kh1 (19. Rxa6 $2 Rxa6 20. Qxa6 Nbxd5 $17) (19. g5 $2 Nfxd5 $1 $17
) 19... Qb7 20. Ra2 Nfd7 21. Rfa1 Bd4 $1 22. Bh6 $2 (22. Bxd4 $2 cxd4 {/\
Nxd5-/+}) (22. Nf1) 22... Nxd5 23. Nxd5 Qxd5 24. Rxa6 Rxa6 25. Qxa6 (25. Rxa6
$5) 25... Qe6 26. Nc4 Qf6 27. Kg2 Qh4 28. Be3 d5 $1 29. Bxd4 (29. Qd6 Nf6 $19)
29... cxd4 30. Nd6 Rb8 31. Ra2 (31. Qa3 $142) 31... Qf6 $1 $19 32. exd5 Ne5 33.
Ra3 d3 0-1

[Event "Olympiad-23"]
[Site "Buenos Aires"]
[Date "1978.10.28"]
[Round "4"]
[White "Polugaevsky, Lev"]
[Black "Vilela de Acuna, Jose Luis"]
[Result "1-0"]
[WhiteElo "2620"]
[BlackElo "2435"]
[Annotator "Polugaevsky,L"]
[PlyCount "81"]
[EventDate "1978.10.25"]
[EventType "team-swiss"]
[EventRounds "14"]
[EventCountry "ARG"]
[SourceTitle "EXT 2000"]
[Source "ChessBase"]
[SourceDate "1999.11.16"]
[SourceVersion "1"]
[SourceVersionDate "1999.11.16"]
[SourceQuality "1"]
[WhiteTeam "Soviet Union"]
[BlackTeam "Cuba"]
[WhiteTeamCountry "URS"]
[BlackTeamCountry "CUB"]

{Inf.26/136} 1. c4 c5 2. Nf3 Nf6 3. d4 e6 4. d5 exd5 5. cxd5 d6 6. Nc3 g6 7. e4
Bg7 8. Be2 O-O 9. O-O Bg4 (9... a6) (9... Re8) 10. h3 Bxf3 11. Bxf3 a6 12. Bf4
$1 Ne8 (12... b5 13. a4 $1 $16) (12... Qe7 $5) 13. a4 Nd7 14. Be2 Qe7 15. Qc2
Nc7 16. Rfe1 Rab8 17. Bf1 Rfe8 (17... b5 $6 18. axb5 axb5 19. Ra7 Rfc8 20. Rxc7
$1 $18) 18. Qd2 Bd4 19. Kh1 $1 $14 Qf8 (19... Qf6 20. f3) 20. Bh6 Bg7 (20...
Qe7 $5) 21. Bxg7 Qxg7 22. f4 $16 Na8 (22... Qd4 23. Qc2 Nf6 24. Rad1 Qb4 25. e5
$1 Nh5 26. Qf2 $1 $16) 23. Rad1 Rbd8 24. Qf2 Nab6 25. Be2 $1 Kh8 (25... g5 $5)
26. a5 Na8 27. Bg4 Nc7 $6 (27... Nf6 $1 28. Bf3 $16) 28. Bxd7 Rxd7 29. e5 $1
dxe5 30. Qxc5 $18 f6 (30... exf4 31. Rxe8+ Nxe8 32. Qc8) 31. fxe5 fxe5 32. d6
Nb5 33. Nxb5 axb5 34. Qxb5 e4 35. b4 h5 36. Qd5 e3 37. Rd3 Qf6 38. Qf3 $1 Qxf3
(38... Rxd6 39. Rexe3 Rxe3 40. Qxf6+ Rxf6 41. Rxe3 Rf7 42. Kh2 Kg7 43. b5 Rd7
44. Ra3) 39. gxf3 e2 40. Rd2 Re6 (40... Re3 41. Rexe2 Rxf3 42. Re7) 41. Rexe2 (
41. Rexe2 Rdxd6 42. Rxd6 Rxd6 43. Re7) 1-0